000 00571nam a2200229Ia 4500
003 OSt
005 20220926041358.0
006 a|||||r|||| 00| 0
007 ta
008 220923b |||||||| |||| 00| 0 eng d
037 _cGeneral Book
040 _aRTL
_cRTL
_beng
041 _2eng
_aeng
082 _aX:87, L8
100 _aMaude Barry
245 0 _aLeadership in management
260 _c1978
300 _axii, 240p. Bib p 223-8
_ccm.
650 _aExecutive
_9233834
942 _hX:87, L8
_cGB
_2CC
999 _c667053
_d667053